| Tag |
First Indicator |
Second Indicator |
Subfields |
| LEADER |
00000cam a2200000 4500 |
| 001 |
in00000488596 |
| 005 |
20151013054101.0 |
| 008 |
731227s1973 nyua b 00110 eng |
| 010 |
|
|
|a 73080185
|
| 020 |
|
|
|a 0814453376
|c $18.00
|
| 035 |
|
|
|a (OCoLC)00797968
|
| 035 |
|
|
|9 ACC1415AM
|
| 040 |
|
|
|a DLC
|c DLC
|d TXA
|d UtOrBLW
|
| 049 |
|
|
|a TXAM
|c [1531907]
|
| 050 |
0 |
0 |
|a HF5438
|b .S729
|
| 082 |
0 |
|
|a 658.85
|
| 100 |
1 |
|
|a Stroh, Thomas F.
|
| 245 |
1 |
0 |
|a Training and developing the professional salesman /
|c [by] Thomas F. Stroh.
|
| 264 |
|
1 |
|a [New York] :
|b AMACOM,
|c [1973]
|
| 300 |
|
|
|a vi, 280 pages :
|b illustrations ;
|c 24 cm.
|
| 336 |
|
|
|a text
|b txt
|2 rdacontent
|
| 337 |
|
|
|a unmediated
|b n
|2 rdamedia
|
| 338 |
|
|
|a volume
|b nc
|2 rdacarrier
|
| 504 |
|
|
|a Includes bibliographies.
|
| 650 |
|
0 |
|a Selling
|x Study and teaching.
|
| 650 |
|
0 |
|a Employees
|x Training of.
|
| 999 |
|
|
|a MARS
|
| 999 |
f |
f |
|s b466c914-93f3-37f0-b3bc-f10d1e978e67
|i 52af31bf-cc87-3cf4-b1e9-07dbf1a9dd5a
|t 0
|
| 952 |
f |
f |
|p ric
|a Texas A&M University
|b Rellis Campus
|c Joint Library Facility
|d Remote Storage
|t 0
|e HF5438 .S729
|h Library of Congress classification
|i unmediated -- volume
|m A14802800827
|
| 998 |
f |
f |
|a HF5438 .S729
|t 0
|l Remote Storage
|